Posúdenie stability historických hrádzí podľa súčasných poznatkov

Salvato in:
Dettagli Bibliografici
Autore principale: Kozáčik, René (Autore)
Altri autori: Škvarka, Juraj (Relatore della tesi)
Natura: Manoscritto Libro
Lingua:slovacco
Pubblicazione: 2024
Soggetti:
Accesso online:http://is.stuba.sk/zp/portal_zp.pl?podrobnosti=185974
https://opac.crzp.sk/?fn=detailBiblioForm&sid=F0082B7A009D1614BCC21FB883AC
Tags: Aggiungi Tag
Nessun Tag, puoi essere il primo ad aggiungerne!!

MARC

LEADER 00000ntm a22000003a 4500
001 stuzp99908
003 SK-STU
005 20240924135328.0
007 ta
008 150427s2015----xo-----f-mn---000-0-slo-d
040 |a STU  |b slo 
041 0 |a slo 
100 1 |a Kozáčik, René  |u 010150  |4 aut  |U SvF Stavebná fakulta  |T SvF Katedra geotechniky  |X 112253  |U V150  |Y 15  |7 112253 
242 0 1 |a Assessment of the stability of historical dams according to current knowledge  |y eng 
245 1 0 |a Posúdenie stability historických hrádzí podľa súčasných poznatkov 
260 |c 2024 
650 4 |a historická hrádza  |2 slo 
650 4 |a vodné stavby  |2 slo 
650 4 |a stabilita svahu  |2 slo 
650 4 |a metódy výpočtu  |2 slo 
650 4 |a historical embankment  |2 eng 
650 4 |a water structures  |2 eng 
650 4 |a slope stability  |2 eng 
650 4 |a calculation methods  |2 eng 
700 1 |a Škvarka, Juraj  |u 010150  |k Z1  |4 ths  |U SvF Stavebná fakulta  |T SvF Katedra geotechniky  |X 7276  |U V150  |Y 15  |7 A000007276 
856 4 |u http://is.stuba.sk/zp/portal_zp.pl?podrobnosti=185974 
856 4 |u https://opac.crzp.sk/?fn=detailBiblioForm&sid=F0082B7A009D1614BCC21FB883AC